LEADER 00624naa a2200157 i 4500 001 000000321043 003 CaOOAMICUS 005 20180831173338.0 008 180831n it u000 u ita u 013 $a31267 040 $aSeMil$bita 245 10$aDiritto e giustizia. 650 4$aDiritto.$0(OLS)http://semarc/subject/1609 650 4$aGiustizia - Teologia.$0(OLS)http://semarc/subject/12398 773 0 $aBondolfi, Alberto <1946- >$tConcetti fondamentali dell'etica cristiana.$dBrescia : Queriniana, copyr. 1994.$kGiornale di teologia$z88-399-0728-9$gp.58-82$w()41664 996 $6245$aDiritto e giustizia$9(OLS)http://semarc/title/92194 LEADER 01013nam a2200241 i 4500 001 000000071406 003 CaOOAMICUS 005 20081121000000.0 008 081121s1939 it u000 u ita u 013 $a42578 040 $aSeMil$bita 100 1 $aMaresca, Mariano.$0(OLS)http://semarc/name/33283 245 10$aMoralità e conoscenza :$bcritica del razionalismo morale /$cMariano Maresca. 260 $aRoma :$bF. Perrella,$c1939. 300 $aXI, 126 p. ;$c22 cm. 490 0 $aBiblioteca italiana di filosofia ;$v2. 650 4$aRazionalismo.$0(OLS)http://semarc/subject/4341 650 4$aMorale.$0(OLS)http://semarc/subject/2260 830 0$aBiblioteca italiana di filosofia ;$v2.$0(OLS)http://semarc/title/19306 850 $aSeMil 852 $aSeMil$W1$xVenegono$y1$m2P IV 99$j37559$B37559$CSeMilBibl$Z2$F37562 $81 996 $6245$aMoralità e conoscenza :$bcritica del razionalismo morale$9(OLS)http://semarc/title/114816 996 $6260$aRoma :$bF. Perrella$9(OLS)http://semarc/publisher/33943